Text book of electrical technology, Vol 3 / (Record no. 10239)
[ view plain ]
| 000 -LEADER | |
|---|---|
| fixed length control field | 00429cam a2200169ua 4500 |
| 003 - CONTROL NUMBER IDENTIFIER | |
| control field | OSt |
| 008 - FIXED-LENGTH DATA ELEMENTS--GENERAL INFORMATION | |
| fixed length control field | 250108b |||||||| |||| 00| 0 eng d |
| 020 ## - INTERNATIONAL STANDARD BOOK NUMBER | |
| ISBN | 81-219-1146-0 |
| 082 ## - DEWEY DECIMAL CLASSIFICATION NUMBER | |
| Classification number | 621.301 |
| Item number | THE/TE |
| 100 ## - MAIN ENTRY--AUTHOR NAME | |
| Personal name | Theraja, B L. |
| 245 ## - TITLE STATEMENT | |
| Title | Text book of electrical technology, Vol 3 / |
| 250 ## - EDITION STATEMENT | |
| Edition statement | 23 / |
| 260 ## - PUBLICATION, DISTRIBUTION, ETC. (IMPRINT) | |
| Place of publication | New Delhi : |
| Name of publisher | S.Chand and Co , |
| Year of publication | 2005. |
| 300 ## - PHYSICAL DESCRIPTION | |
| Number of Pages | 550 ; . |
| 700 1# - ADDED ENTRY--PERSONAL NAME | |
| Personal name | Theraja, A K . |
| 942 ## - ADDED ENTRY ELEMENTS (KOHA) | |
| Koha item type | Books |
| Withdrawn status | Lost status | Damaged status | Home library | Current library | Date acquired | Full call number | Accession Number | Koha item type |
|---|---|---|---|---|---|---|---|---|
| KAUAET | KAUAET | 07/04/2012 | 621.301 THE/TE | 19445 | Books | |||
| KAUAET | KAUAET | 07/04/2012 | 621.301 THE/TE | 18773 | Books | |||
| KAUAET | KAUAET | 07/04/2012 | 621.301 THE/TE | 18774 | Books | |||
| KAUAET | KAUAET | 07/04/2012 | 621.301 THE/TE | 19046 | Books | |||
| KAUAET | KAUAET | 07/04/2012 | 621.301 THE/TE | 21017 | Books | |||
| KAUAET | KAUAET | 07/04/2012 | 621.301 THE/TE | 21018 | Books | |||
| KAUAET | KAUAET | 07/04/2012 | 621.301 THE/TE | 21019 | Books | |||
| KAUAET | KAUAET | 07/04/2012 | 621.301 THE/TE | 21020 | Books | |||
| KAUAET | KAUAET | 07/04/2012 | 621.301 THE/TE | 21021 | Books |
